Κωνσταντίνος Καραθεοδωρή : οργανωτής του Πανεπιστημίου Σμύρνης

Αποθηκεύτηκε σε:
Λεπτομέρειες βιβλιογραφικής εγγραφής
Συλλογικό Έργο: Σύλλογος των Φοιτησάντων εις την Ευαγγελικήν Σχολήν Σμύρνης, Επιτροπή Πεντηκονταετηρίδος από της Μικρασιατικής Καταστροφής 1922-1972
Άλλοι συγγραφείς: Αναστασιάδης, Μιχάλης (Επιμελητής έκδοσης)
Μορφή: Βιβλίο
Γλώσσα:Greek
Δημοσίευση: Αθήναι : Σύλλογος των Φοιτησάντων εις την Ευαγγελικήν Σχολήν Σμύρνης, 1973.
Θέματα:
Ετικέτες: Προσθήκη ετικέτας
Δεν υπάρχουν, Καταχωρήστε ετικέτα πρώτοι!

MARC

LEADER 00000cam a2200000 i 4500
001 1/8233
008 000627s1973 gr | ||| |||| ||gre||
035 |l 10062598 
040 |a GR-MyUA  |b gre  |e AACR2 
041 0 |a gre 
082 0 |a 378.495092 
110 2 |a Σύλλογος των Φοιτησάντων εις την Ευαγγελικήν Σχολήν Σμύρνης. 
245 1 0 |a Κωνσταντίνος Καραθεοδωρή :   |b οργανωτής του Πανεπιστημίου Σμύρνης /   |c Σύλλογος των Φοιτησάντων εις την Ευαγγελικήν Σχολήν Σμύρνης, Επιτροπή Πεντηκονταετηρίδος από της Μικρασιατικής Καταστροφής 1922-1972 ; επιμέλεια Μιχ. Αθ. Αναστασιάδου.  
260 |a Αθήναι :   |b Σύλλογος των Φοιτησάντων εις την Ευαγγελικήν Σχολήν Σμύρνης,   |c 1973.  
300 |a 31 σ. :   |b εικ. ;   |c 26 εκ.  
600 1 0 |a Carathéodory, Constantin,   |d 1873-1950. 
700 1 |a Αναστασιάδης, Μιχάλης,  |e edt 
710 2 |a Επιτροπή Πεντηκονταετηρίδος από της Μικρασιατικής Καταστροφής 1922-1972. 
852 |a INST  |b SAMOS  |e 20000627  |h 378.495092 ΣΥΛ  |p 005300017982  |q 005300017982  |t BK  |y 0 
901 |a BIBL3-2000-2 
909 |a Σ  |b 075033 
970 |z 2000/06/ΠΑΝΤΖΑΛΗ